Aksharachellam /അക്ഷരച്ചെല്ലം (Record no. 290964)

MARC details
000 -LEADER
fixed length control field 00349nam a22001457a 4500
003 - CONTROL NUMBER IDENTIFIER
control field OSt
020 ## - INTERNATIONAL STANDARD BOOK NUMBER
International Standard Book Number 9789395625852
082 ## - DEWEY DECIMAL CLASSIFICATION NUMBER
Classification number 811
Item number RET/AK
100 ## - MAIN ENTRY--PERSONAL NAME
Personal name Rethna, Raju
245 ## - TITLE STATEMENT
Title Aksharachellam /അക്ഷരച്ചെല്ലം
260 ## - PUBLICATION, DISTRIBUTION, ETC. (IMPRINT)
Place of publication, distribution, etc Calicut
Name of publisher, distributor, etc Haritham books
Date of publication, distribution, etc 2023
300 ## - PHYSICAL DESCRIPTION
Extent 82p.
546 ## - LANGUAGE
Language note Malayalam
942 ## - ADDED ENTRY ELEMENTS (KOHA)
Source of classification or shelving scheme Dewey Decimal Classification
Koha item type Books (General)
Holdings
Lost status Source of classification or shelving scheme Damaged status Not for loan Collection code Home library Current library Shelving location Date acquired Total Checkouts Full call number Barcode Date last seen Koha item type
  Dewey Decimal Classification     General KAU Central Library, Thrissur KAU Central Library, Thrissur General 17/02/2024   811 RET/AK 812952 17/02/2024 Books (General)
Kerala Agricultural University Central Library
Thrissur-(Dt.), Kerala Pin:- 680656, India
Ph : (+91)(487) 2372219
E-mail: librarian@kau.in
Website: http://library.kau.in/